000 00295nam a22001337a 4500
020 _a978-0-439-77083-5
082 _a030
_bTER/I
100 _aTERBAN, MARVIN
245 _aDICTIONARY OF IDIOMS
260 _aDELHI
_bSCHOLASTIC
_c2012
300 _a298
650 _aDICTIONARY
_zINDIA
942 _cBK
999 _c2103
_d2103